Drugs : (Record no. 129397)

MARC details
000 -LEADER
fixed length control field 00744nam a22002537a 4500
005 - DATE AND TIME OF LATEST TRANSACTION
control field 20170124110055.0
010 ## - LIBRARY OF CONGRESS CONTROL NUMBER
LC control number A-386590
020 ## - INTERNATIONAL STANDARD BOOK NUMBER
Terms of availability 60.00
International Standard Book Number 0394355776
035 ## - SYSTEM CONTROL NUMBER
System control number A-386590
037 ## - SOURCE OF ACQUISITION
Source of stock number/acquisition Cen Lib/Ret
040 ## - CATALOGING SOURCE
Original cataloging agency DPL
Language of cataloging EN
082 ## - DEWEY DECIMAL CLASSIFICATION NUMBER
Classification number 613.8
Item number DUS
100 ## - MAIN ENTRY--PERSONAL NAME
Personal name Dusek, Dorothy E.
9 (RLIN) 26254
245 ## - TITLE STATEMENT
Title Drugs :
Statement of responsibility, etc by Dorothy E. Dusek [and] Daniel A. Girdano
Remainder of title factual account /
250 ## - EDITION STATEMENT
Edition statement 4th ed
260 ## - PUBLICATION, DISTRIBUTION, ETC. (IMPRINT)
Place of publication, distribution, etc New Delhi
Name of publisher, distributor, etc Asian Books
Date of publication, distribution, etc 1989
270 ## - ADDRESS
City New Delhi
Postal code 110002
300 ## - PHYSICAL DESCRIPTION
Extent x,245p.
Dimensions 21cm(Hb)
500 ## - GENERAL NOTE
General note Includes index
650 ## - SUBJECT ADDED ENTRY--TOPICAL TERM
Topical term or geographic name as entry element Drug abuse
9 (RLIN) 101858
650 ## - SUBJECT ADDED ENTRY--TOPICAL TERM
Topical term or geographic name as entry element Drug abuse
General subdivision physiological aspects
9 (RLIN) 26256
700 ## - ADDED ENTRY--PERSONAL NAME
Personal name Girdano, Daniel A.
9 (RLIN) 26257
942 ## - ADDED ENTRY ELEMENTS (KOHA)
Source of classification or shelving scheme Dewey Decimal Classification
Koha item type English Books
Classification part 613.8
Call number suffix DUS
Holdings
Withdrawn status Lost status Damaged status Not for loan Home library Current library Date acquired Source of acquisition Cost, normal purchase price Total Checkouts Full call number Barcode Date last seen Copy number Cost, replacement price Price effective from Koha item type Public note
Written off       Central Library Central Library 06/07/2015 Cen Lib/Ret 60.00   613.8 DUS A-386590 06/07/2015 1 60.00 06/07/2015 English Books Written off on approval by DLB (By Circulation); dtd 15-06-2023

© Delhi Public Library
Hit Counter
free hit counter